<?xml version="1.0" encoding="UTF-8"?>
<record
    xmlns:xsi="http://www.w3.org/2001/XMLSchema-instance"
    xsi:schemaLocation="http://www.loc.gov/MARC21/slim http://www.loc.gov/standards/marcxml/schema/MARC21slim.xsd"
    xmlns="http://www.loc.gov/MARC21/slim">

  <leader>01469cam a2200373 i 4500</leader>
  <controlfield tag="001">zz2003811953</controlfield>
  <controlfield tag="003">NUKAT</controlfield>
  <controlfield tag="005">20260321074047.0</controlfield>
  <controlfield tag="008">031113s1919    pl           |000 0 pol c</controlfield>
  <datafield tag="035" ind1=" " ind2=" ">
    <subfield code="a">(OCoLC)830263667</subfield>
  </datafield>
  <datafield tag="035" ind1=" " ind2=" ">
    <subfield code="a">(NUKAT)zz2003811953</subfield>
  </datafield>
  <datafield tag="040" ind1=" " ind2=" ">
    <subfield code="a">GD U/AJ</subfield>
    <subfield code="b">pol</subfield>
    <subfield code="e">rda</subfield>
    <subfield code="c">GD U/AJ</subfield>
    <subfield code="d">GD U/AJ</subfield>
    <subfield code="d">GD U/KMs</subfield>
    <subfield code="d">GD PAN/US</subfield>
    <subfield code="d">OLSZT 008/AL</subfield>
  </datafield>
  <datafield tag="100" ind1="1" ind2=" ">
    <subfield code="a">Cho&#x142;oniewski, Antoni</subfield>
    <subfield code="d">(1872-1924).</subfield>
    <subfield code="e">Autor</subfield>
    <subfield code="9">35896</subfield>
  </datafield>
  <datafield tag="245" ind1="1" ind2="0">
    <subfield code="a">Gda&#x144;sk i Pomorze Gda&#x144;skie :</subfield>
    <subfield code="b">uzasadnienie naszych praw do Ba&#x142;tyku /</subfield>
    <subfield code="c">Antoni Cho&#x142;oniewski.</subfield>
  </datafield>
  <datafield tag="260" ind1=" " ind2=" ">
    <subfield code="a">Krak&#xF3;w :</subfield>
    <subfield code="b">nak&#x142;adem Ksi&#x119;garni S. A. Krzy&#x17C;anowskiego,</subfield>
    <subfield code="c">1919.</subfield>
  </datafield>
  <datafield tag="300" ind1=" " ind2=" ">
    <subfield code="a">62 strony ;</subfield>
    <subfield code="c">15 cm.</subfield>
  </datafield>
  <datafield tag="336" ind1=" " ind2=" ">
    <subfield code="a">Tekst</subfield>
    <subfield code="b">txt</subfield>
    <subfield code="2">rdacontent</subfield>
  </datafield>
  <datafield tag="337" ind1=" " ind2=" ">
    <subfield code="a">Bez urz&#x105;dzenia po&#x15B;rednicz&#x105;cego</subfield>
    <subfield code="b">n</subfield>
    <subfield code="2">rdamedia</subfield>
  </datafield>
  <datafield tag="338" ind1=" " ind2=" ">
    <subfield code="a">Wolumin</subfield>
    <subfield code="b">nc</subfield>
    <subfield code="2">rdacarrier</subfield>
  </datafield>
  <datafield tag="380" ind1=" " ind2=" ">
    <subfield code="a">Ksi&#x105;&#x17C;ki</subfield>
  </datafield>
  <datafield tag="530" ind1=" " ind2=" ">
    <subfield code="a">Dost&#x119;pne w postaci elektronicznej.</subfield>
  </datafield>
  <datafield tag="648" ind1=" " ind2="7">
    <subfield code="a">1901-2000</subfield>
    <subfield code="2">DBN</subfield>
    <subfield code="9">34996</subfield>
  </datafield>
  <datafield tag="648" ind1=" " ind2="7">
    <subfield code="a">1918-1939</subfield>
    <subfield code="2">DBN</subfield>
    <subfield code="9">36041</subfield>
  </datafield>
  <datafield tag="650" ind1=" " ind2="7">
    <subfield code="a">Granice</subfield>
    <subfield code="2">DBN</subfield>
    <subfield code="9">37325</subfield>
  </datafield>
  <datafield tag="651" ind1=" " ind2="7">
    <subfield code="a">Gda&#x144;sk (woj. pomorskie)</subfield>
    <subfield code="2">DBN</subfield>
    <subfield code="9">35261</subfield>
  </datafield>
  <datafield tag="651" ind1=" " ind2="7">
    <subfield code="a">Polska</subfield>
    <subfield code="2">DBN</subfield>
    <subfield code="9">35076</subfield>
  </datafield>
  <datafield tag="651" ind1=" " ind2="7">
    <subfield code="a">Pomorze Gda&#x144;skie</subfield>
    <subfield code="2">DBN</subfield>
    <subfield code="9">37811</subfield>
  </datafield>
  <datafield tag="651" ind1=" " ind2="7">
    <subfield code="a">Pomorze Gda&#x144;skie (Polska ; region)</subfield>
    <subfield code="x">historia</subfield>
    <subfield code="v">wydawnictwa popularne.</subfield>
    <subfield code="2">kaba</subfield>
    <subfield code="9">38693</subfield>
  </datafield>
  <datafield tag="658" ind1=" " ind2=" ">
    <subfield code="a">Historia</subfield>
  </datafield>
  <datafield tag="658" ind1=" " ind2=" ">
    <subfield code="a">Polityka, politologia, administracja publiczna</subfield>
  </datafield>
  <datafield tag="710" ind1="2" ind2=" ">
    <subfield code="a">S. A. Krzy&#x17C;anowski (Krak&#xF3;w).</subfield>
    <subfield code="e">Wydawca</subfield>
    <subfield code="4">pbl</subfield>
    <subfield code="9">13408</subfield>
  </datafield>
  <datafield tag="856" ind1="4" ind2="1">
    <subfield code="u">http://pbc.gda.pl/dlibra/docmetadata?id=13681&amp;from=&amp;dirids=1&amp;ver_id=&amp;lp=6&amp;QI=</subfield>
  </datafield>
  <datafield tag="942" ind1=" " ind2=" ">
    <subfield code="2">ddc</subfield>
    <subfield code="c">BK_NM</subfield>
  </datafield>
  <datafield tag="999" ind1=" " ind2=" ">
    <subfield code="c">27202</subfield>
    <subfield code="d">27202</subfield>
  </datafield>
  <datafield tag="952" ind1=" " ind2=" ">
    <subfield code="0">0</subfield>
    <subfield code="1">0</subfield>
    <subfield code="2">ddc</subfield>
    <subfield code="4">0</subfield>
    <subfield code="7">0</subfield>
    <subfield code="8">PBKH</subfield>
    <subfield code="a">BIP</subfield>
    <subfield code="b">PBKH</subfield>
    <subfield code="d">2026-03-21</subfield>
    <subfield code="e">W-85/1967</subfield>
    <subfield code="i">14574</subfield>
    <subfield code="l">0</subfield>
    <subfield code="o">14574</subfield>
    <subfield code="p">IPWK20875</subfield>
    <subfield code="r">2026-03-21 07:41:43</subfield>
    <subfield code="w">2026-03-21</subfield>
    <subfield code="y">BK_NM</subfield>
  </datafield>
</record>
